00435nam a22001457a 450000500170000000800410001702000180005804100080007608200110008410000230009524500890011826000570020730000120026465000130027620200511153319.0200511b xxu||||| |||| 00| 0 eng d a9789388217530 aeng a615.32 aNIMA, RAJESH KUMAR aExperimental pharmacognosy for student of B.Pharma and M.PharmacRajesh kumar Nema aNew DelhibC.B.S Publication and Distributors c2019 a275, xv aPharmacy